Poet in Prag

Titel: Poet in Prag : zu den Anfängen des Hugo Salus / Klaus Heydemann
Verfasser:
In: Brünner Beiträge zur Germanistik und Nordistik, Band 22 (2008), Seite 57-67
alle Artikel anzeigen
Veröffentlicht: 2008
Format: Aufsatz
Sprache: Deutsch
Schlagworte:
Kein Bild verfügbar
X
alg: 21040888
001A    $04504:20-03-09 
001B    $01999:19-07-19 $t15:00:59.000 
001C    $04504:20-03-09 $t12:48:13.000 
001D    $04504:20-03-09 
001U    $0utf8 
001X    $00 
002@    $0Aou 
003@    $021040888X 
007A    $021040888X $aHEB 
010@    $ager 
011@    $a2008 
021A    $aPoet in Prag $dzu den Anfängen des Hugo Salus $hKlaus Heydemann 
028A    $7 $8Heydemann, Klaus [Tnd] $9142915149 
031A    $d22 $h57-67 $j2008 
039B    $aIn $8--Abvc--. Brünner Beiträge zur Germanistik und Nordistik. - Brno : Masarykova Univerzita, 1977-. - ISSN 1211-4979 $x200800000220000943 $9047483814 
044K    $#Prag $#Hlavni Město Praha $#Hauptstadt Prag $#Prag Kraj $#Bezirk Prag $#Praha $#Prague $#Praga $#Praag $74076310-9 $8Prag [Tg1] $9085216283 
044K    $7119222140 $8Salus, Hugo$Z1866-1929 [Tp1] $9087562103 
045T    $a7,20 $a7,22 
045T    $aLING $qDE-30 $2FID 
045T    $aGER $qDE-30 $2FID 
045V    $aSalus, Hugo $816.15.00$jZu einzelnen Autoren [Tkx] $9118843702 

lok: 21040888 62

exp: 21040888 62 1 #EPN
201B/01 $023-03-09 $t16:40:14.000 
203@/01 $0569096413 
208@/01 $a23-03-09 $be 
209A/01 $a/ $f000 $x00 
209B/01 $a2009 $x05 
247C/01 $8Frankfurt, Bibliographie der Deutschen Sprach- und Literaturwissenschaft $9113214561 
201U/01 $0utf8 

lok: 21040888 78

exp: 21040888 78 1 #EPN
201B/01 $026-11-20 $t13:35:54.000 
201C/01 $026-11-20 
201U/01 $0utf8 
203@/01 $01131407431 
208@/01 $a26-11-20 $be 
209A/01 $a/ $f000 $x00 
209A/01 $ab*p $x01 
220C/01 $apgar 
244Z/01 $#Böhmische Kronländer $#Länder der Böhmischen Krone $#Sudetenland $#Böhmen $#Mähren $#Mährisch-Schlesien $#Österreichisch-Schlesien $#Tschechische Sozialistische Republik Böhmische Länder $#Tschechei Böhmische Länder $#Země koruny české $74069573-6 $8--Tg1--Böhmische Länder $x01 $9085195553 
247C/01 $82080>Marburg/Lahn, Herder-Institut, Forschungsbibliothek, Bibliographieportal $9336309341
LEADER 00000caa a2200000 c 4500
001 21040888X
003 DE-603
005 20190719150059.0
007 tu
008 090320s2008 xx |||| | u00||u|ger c
035 |a (DE-599)HEB21040888X 
040 |a DE-603  |b ger  |c DE-603  |d DE-603 
041 |a ger 
084 |a 7,20  |a 7,22  |2 ssgn 
084 |a LING  |q DE-30  |2 fid 
084 |a GER  |q DE-30  |2 fid 
100 1 |a Heydemann, Klaus  |0 (DE-603)142915149 
245 0 0 |a Poet in Prag  |b zu den Anfängen des Hugo Salus  |c Klaus Heydemann 
264 0 |c 2008 
600 1 7 |a Salus, Hugo  |d 1866-1929  |0 (DE-588)119222140  |0 (DE-603)087562103  |2 gnd 
651 7 |a Prag  |0 (DE-588)4076310-9  |0 (DE-603)085216283  |2 gnd 
773 0 8 |i In  |t Brünner Beiträge zur Germanistik und Nordistik  |d Brno : Masarykova Univerzita, 1977-  |h 25 cm  |x 1211-4979  |g Band 22 (2008), Seite 57-67  |w (DE-603)047483814  |w (DE-600)303173-1 
924 0 |9 603  |a (DE-603)569096413  |b DE-603  |c HES  |d d 
924 0 |9 2080  |a (DE-603)1131407431  |b DE-2080  |c HES  |d d  |g /